000 01167nam a2200229Ia 4500
003 Ost
005 20260507074855.0
008 260507s9999||||xx |||||||||||||| ||und||
040 _cfsecg
041 _aara
082 _a330
100 _aالرواشي، فتحي عبد العزيز
_eمؤلف
245 0 _aالإقتصاد والسوق /
_c فتحي عبد العزيز الرواشي
260 _aالقاهرة:
_bمؤسسة طيبة للنشر و التوزيع,
_c2007
300 _a211 صفحة؛
_bإيضاحات ؛
_c24 سم
504 _aبيبليوغرافيا: ص.207
520 _aيضم تعريف علم الاقتصاد وأخطاء التحليل، القوانين الاقتصادية، اقتصاديات السكان وتنمية الموارد البشرية، التخطيط الاقتصادي في النظم المختلفة، اشتراك العوامل في انتاج البيئة الطبيعية، العرض والطلب، توازن المستهلك باستخدام فكرة منحنيات السواء
653 _aالاقتصاد
653 _aالسوق
653 _aالقوى العاملة
942 _cكتاب
999 _c41608
_d41608